|
|
|
|
| LEADER |
00000nab a2200000 a 4500 |
| 001 |
vtls000371094 |
| 003 |
SK-MaSNL |
| 005 |
20260305002524.0 |
| 008 |
230223c1990 xo 0 slo |
| 015 |
|
|
|a SNBRB19rr/mm-uuuuu
|
| 035 |
|
|
|a CL0371216
|
| 035 |
|
|
|a urn:nbn:sk:snk-ab2i4x
|
| 035 |
|
|
|a (urnnbn)urn:nbn:sk:snk:ar-a02gaj
|
| 035 |
|
|
|a (uuid)2080a767-23af-4d48-8d43-ff1e57e64af9
|
| 040 |
|
|
|a SNKBUCL
|b slo
|c SNKBUCL
|e AACR2
|
| 041 |
0 |
|
|a slo
|
| 044 |
|
|
|a xo
|c SK
|
| 080 |
|
|
|a 801.3
|2 1981
|
| 100 |
1 |
|
|a Dolník, Juraj,
|d 1942-
|4 aut
|9 232465
|
| 245 |
1 |
0 |
|a Ciele a princípy konfrontačnej lexikológie
|c Juraj Dolník
|
| 300 |
|
|
|b Res. rus., lit. 39 zázn. v slov., češ., ruš., nem.
|
| 650 |
0 |
7 |
|a lingvistika
|2 snkbucl
|9 860
|
| 650 |
0 |
7 |
|a konfrontačná lexikológia
|2 snkbucl
|9 73967
|
| 655 |
|
7 |
|a články z novín a časopisov
|2 snkbucl
|9 267496
|
| 773 |
0 |
|
|t Slavica slovaca
|g Roč. 25, č. 1 (1990), s. 3-16
|
| 850 |
|
|
|a Slovenská národná knižnica v Martine
|a MTA001
|
| 852 |
|
|
|a SNK
|b KIS3GCP
|
| 954 |
|
|
|a odborná, vedecká literatúra pôvodná (slovenská)
|2 lita
|
| 958 |
|
|
|a NB
|
| 958 |
|
|
|a RK
|
| 958 |
|
|
|a OND
|
| 958 |
|
|
|a EUIPO
|
| 958 |
|
|
|a article27
|
| 992 |
|
|
|a RBX
|
| 999 |
|
|
|c 3225913
|d 3227843
|